[Event "Let's Play Chess!"]
[Site "http://www.queenalice.com/game.php?id=302768"]
[Date "2007.11.18"]
[Round "-"]
[White "lohkangyiao"]
[Black "peritezz"]
[Result "0-1"]
[WhiteElo "1079"]
[BlackElo "1989"]

1. Nf3 d5 2. g3 c5 3. Bg2 Nc6 4. c3 e5 5. d3 Nf6 6. Bg5 Be7 7. O-O O-O 8. Nbd2
h6 9. Bxf6 Bxf6 10. Re1 Re8 11. Qc2 Qe7 12. Rad1 e4 13. dxe4 dxe4 0-1

[Event "Let's Play Chess!"]
[Site "http://www.queenalice.com/game.php?id=302770"]
[Date "2007.11.12"]
[Round "-"]
[White "lohkangyiao"]
[Black "CJ"]
[Result "0-1"]
[WhiteElo "1100"]
[BlackElo "1601"]

1. Nf3 f6 2. g3 e5 3. d3 Bc5 4. Bg2 Bxf2+ 5. Kxf2 b6 6. Nxe5 fxe5 7. Bxa8 Qf6+
8. Ke1 c6 9. Rf1 Qg6 10. e3 Nf6 11. Nc3 Ba6 12. e4 d6 13. Bd2 h5 14. Qf3 Ng4 15.
Qg2 Rf8 16. Rxf8+ Kxf8 17. Ke2 Ke7 18. Rf1 Bc8 19. h4 a5 20. Bg5+ Ke8 21. Qf3
Nd7 22. Bxc6 Nf6 23. Bxf6 Bb7 24. Bxd7+ Kxd7 25. Nd5 Bxd5 26. exd5 gxf6 27. Qxf6
Qg4+ 28. Kd2 Qb4+ 29. Kc1 a4 30. Qe6+ Kc7 0-1

[Event "Let's Play Chess!"]
[Site "http://www.queenalice.com/game.php?id=303133"]
[Date "2007.11.13"]
[Round "-"]
[White "lohkangyiao"]
[Black "spawnwolfwolverine"]
[Result "0-1"]
[WhiteElo "1100"]
[BlackElo "1658"]

1. Nf3 d6 2. g3 e5 3. d3 Nf6 4. Bg2 Be7 5. Bg5 O-O 6. Nbd2 Nc6 7. O-O Bf5 8. e4
Bg4 9. Qc1 Nd4 10. Nxd4 exd4 11. f3 Bh5 12. Nb3 c5 13. c3 h6 14. Bxf6 Bxf6 15.
Nd2 b6 16. Re1 a5 17. Nc4 g5 18. f4 b5 19. Na3 b4 20. cxb4 axb4 21. Nc4 Bg6 22.
Qc2 Bg7 23. a3 f5 0-1

[Event "AUTO-OPEN-900"]
[Site "http://www.queenalice.com/game.php?id=303244"]
[Date "2007.11.13"]
[Round "1"]
[White "alexsoncini"]
[Black "lohkangyiao"]
[Result "1-0"]
[WhiteElo "2028"]
[BlackElo "1100"]

1. d4 b6 2. Nf3 Bb7 3. Bf4 e6 4. e3 d5 5. Bd3 Nf6 6. Bg5 Be7 7. O-O O-O 8. Ne5
h6 9. Bxf6 Bxf6 10. f4 Nd7 11. Nd2 Rc8 12. Ndf3 1-0

[Event "AUTO-OPEN-900"]
[Site "http://www.queenalice.com/game.php?id=303245"]
[Date "2007.11.13"]
[Round "1"]
[White "lohkangyiao"]
[Black "alexsoncini"]
[Result "0-1"]
[WhiteElo "1100"]
[BlackElo "2026"]

1. Nf3 Nc6 2. g3 e5 3. Bg2 e4 4. Ng1 d5 5. d3 f5 6. b3 Nf6 7. Bg5 Be7 8. f3 O-O
9. Nc3 d4 10. Na4 Bb4+ 11. Kf1 e3 12. Bxf6 Qxf6 0-1

[Event "AUTO-OPEN-900"]
[Site "http://www.queenalice.com/game.php?id=303266"]
[Date "2007.11.13"]
[Round "1"]
[White "lohkangyiao"]
[Black "rmvwoods"]
[Result "0-1"]
[WhiteElo "1079"]
[BlackElo "1966"]

1. e4 e6 2. c4 d5 3. d3 Bb4+ 4. Bd2 Nc6 5. exd5 exd5 6. Bxb4 Nxb4 7. Nc3 Nf6 8.
g3 Qe7+ 9. Nge2 Bf5 10. Bg2 Nxd3+ 11. Kf1 dxc4 12. Nf4 O-O-O 13. Qe2 Rhe8 14.
Qf3 Be4 0-1

[Event "AUTO-OPEN-900"]
[Site "http://www.queenalice.com/game.php?id=303267"]
[Date "2007.11.13"]
[Round "1"]
[White "rmvwoods"]
[Black "lohkangyiao"]
[Result "1-0"]
[WhiteElo "1968"]
[BlackElo "1079"]

1. e4 e6 2. d4 d5 3. Nc3 Bb4 4. e5 c5 5. a3 Bxc3+ 6. bxc3 Qb6 7. Nf3 Qa5 8. Bd2
Qb6 9. Be2 Ne7 10. O-O O-O 11. Qb1 Qxb1 12. Rfxb1 b6 13. c4 dxc4 14. dxc5 b5 15.
Rxb5 Ba6 16. Rb4 1-0

[Event "AUTO-OPEN-900"]
[Site "http://www.queenalice.com/game.php?id=303268"]
[Date "2007.11.13"]
[Round "1"]
[White "lohkangyiao"]
[Black "DSRelva"]
[Result "0-1"]
[WhiteElo "1100"]
[BlackElo "1818"]

1. e4 e5 2. Bc4 Nf6 3. Nc3 Bc5 4. Nf3 O-O 5. d3 d6 6. Bg5 h6 7. Bxf6 Qxf6 8. Nd5
Qd8 9. O-O c6 10. Ne3 b5 11. Bb3 Bxe3 12. fxe3 Bg4 13. h3 Bh5 0-1

[Event "AUTO-OPEN-900"]
[Site "http://www.queenalice.com/game.php?id=303269"]
[Date "2007.11.13"]
[Round "1"]
[White "DSRelva"]
[Black "lohkangyiao"]
[Result "1-0"]
[WhiteElo "1816"]
[BlackElo "1100"]

1. e4 c5 2. Nf3 e6 3. c4 Nc6 4. Nc3 Nf6 5. d3 b6 6. Bg5 Be7 7. Qd2 h6 8. Be3 Bb7
9. Be2 O-O 10. O-O Qc7 11. h3 Na5 12. Nb5 Qd8 13. Ne5 d6 14. Ng4 1-0

[Event "15/10"]
[Site "http://www.queenalice.com/game.php?id=304854"]
[Date "2007.11.16"]
[Round "-"]
[White "Alex_Gatinho"]
[Black "lohkangyiao"]
[Result "1-0"]
[WhiteElo "1571"]
[BlackElo "1100"]

1. e4 e5 2. Bc4 d6 3. Qf3 Qf6 4. Qxf6 Nxf6 5. Nf3 h6 6. d3 Nc6 7. Nc3 Be7 8. Nd5
Nxd5 9. Bxd5 Bd7 10. O-O O-O-O 11. Bxf7 Rdf8 12. Bd5 g5 13. Bxc6 Bxc6 14. g3
Rxf3 15. Kg2 Rhf8 16. Be3 h5 17. h4 gxh4 18. gxh4 Bxh4 19. Bh6 R8f7 20. Rae1
R3f6 21. Kh3 Bxf2 22. Bg5 Rg6 23. Rxf2 Rxf2 24. Kh4 1-0

[Event "AUTO-OPEN-905"]
[Site "http://www.queenalice.com/game.php?id=305704"]
[Date "2007.11.17"]
[Round "1"]
[White "Savage_king"]
[Black "lohkangyiao"]
[Result "1-0"]
[WhiteElo "1873"]
[BlackElo "1100"]

1. e4 c5 2. Nf3 e6 3. d4 cxd4 4. Nxd4 Bc5 5. Nc3 Qf6 6. Be3 e5 7. Nd5 Qd6 8. Nb5
Qc6 9. Nbc7+ Kf8 10. Bxc5+ d6 11. Be3 Nf6 12. Bb5 1-0

[Event "AUTO-OPEN-905"]
[Site "http://www.queenalice.com/game.php?id=305705"]
[Date "2007.11.17"]
[Round "1"]
[White "lohkangyiao"]
[Black "Savage_king"]
[Result "0-1"]
[WhiteElo "1100"]
[BlackElo "1871"]

1. e4 d6 2. Bc4 e5 3. Nf3 Be7 4. O-O Nf6 5. Nc3 c5 6. d3 Bd7 7. Ng5 O-O 8. Nf3
a6 9. Bg5 b5 10. Bd5 Nxd5 11. Nxd5 Bxg5 0-1